爸爸的星星 ( Daddy's star ) / (Record no. 10070)

MARC details
000 -LEADER
fixed length control field 00620nam a22001817a 4500
001 - CONTROL NUMBER
control field 10070
003 - CONTROL NUMBER IDENTIFIER
control field FISKH
005 - DATE AND TIME OF LATEST TRANSACTION
control field 20260403111353.0
008 - FIXED-LENGTH DATA ELEMENTS--GENERAL INFORMATION
fixed length control field 260403b cb ||||| |||| 00| 0 eng d
040 ## - CATALOGING SOURCE
Original cataloging agency FISKH
Language of cataloging chi
Transcribing agency FISKH
Modifying agency FISKH
082 ## - DEWEY DECIMAL CLASSIFICATION NUMBER
Classification number 158.2
100 ## - MAIN ENTRY--PERSONAL NAME
Personal name 严欢
245 ## - TITLE STATEMENT
Title 爸爸的星星 ( Daddy's star ) /
Statement of responsibility, etc. 严欢
300 ## - PHYSICAL DESCRIPTION
Extent 23 pages :
Other physical details color illustrations ;
Dimensions 23 cm .
520 ## - SUMMARY, ETC.
Summary, etc. 这本书讲述了小熊和爸爸之间温暖的亲情故事。通过“星星”的比喻,表达了父爱的陪伴与关怀,让孩子感受到家庭的温暖与爱。
942 ## - ADDED ENTRY ELEMENTS (KOHA)
Source of classification or shelving scheme Dewey Decimal Classification
Koha item type Chinese Book
Suppress in OPAC No
Holdings
Withdrawn status Lost status Source of classification or shelving scheme Damaged status Not for loan Collection Home library Current library Shelving location Date acquired Total Checkouts Full call number Barcode Date last seen Price effective from Koha item type
    Dewey Decimal Classification     Reference Footprints International School Library Network Toul Tom Poung Campus Footprints International School Library Network Toul Tom Poung Campus Librarian's Shelf TTP 04/03/2026   严欢 158.2 2026-0451 04/03/2026 04/03/2026 Chinese Book